Switzerland's canton capitals - Statistics

General Stats
  • This quiz has been taken 85 times
  • The average score is 21 of 26
Answer Stats
Canton Captial % Correct
Lucerne Lucerne
100%
Bern Bern
98%
Zurich Zurich
98%
Basle-city Basle
97%
Fribourg Fribourg
95%
Geneva Geneva
95%
Neuchâtel Neuchâtel
95%
St. Gall St. Gall
90%
Schaffhouse Schaffhouse
89%
Vaud Lausanne
87%
Zoug Zoug
84%
Schwyz Schwyz
82%
Aargau/Argovia Aarau
81%
Glarus Glarus
81%
Ticino Bellinzona
79%
Grisons Chur
76%
Valais Sion
76%
Soleure Soleure
76%
Appenzell Inner-rhodes Appenzell
74%
Basel-country Liestal
68%
Uri Altdorf
63%
Jura Delémont
61%
Thurgau/Thurgovia Frauenfeld
61%
Appenzell Outer-rhodes Herisau
55%
Obwald Sarnen
52%
Nidwald Stans
52%
No matching quizzes found
Score Distribution
Percent of People with Each Score
Percentile by Number Answered
Your Score History
You have not taken this quiz